| 000 | 01826nam a22002777a 4500 | ||
|---|---|---|---|
| 001 | 102544 | ||
| 003 | UA-OsUOA | ||
| 005 | 20260402150055.0 | ||
| 007 | ta | ||
| 008 | 20130919b un ||-cn |||| 00| 0 ukrfdukr d | ||
| 040 |
_aUA-OsUOA _bukr _cUA-OsUOA _dUA-OsUOA |
||
| 041 | _aukr | ||
| 080 | _a821.161.2 | ||
| 090 |
_a821.161.2 _bС48 |
||
| 100 |
_aСлонівський Є. _924849 |
||
| 245 |
_aНа руїнах минулого _cЄвген Слонівський _bроман |
||
| 260 |
_aТоронто _aБуенос-Айрес _bПеремога _c1956 |
||
| 300 | _a296 с. | ||
| 490 | _vТ.1 | ||
| 505 | _gт. 1 | ||
| 520 | _a«На руїнах минулого» — це історичний роман-хроніка Євгена Слонівського, який охоплює події Першої світової війни та українських визвольних змагань. Автор змальовує життя української інтелігенції та селянства на тлі глобальних катастроф. Твір фокусується на національному пробудженні та боротьбі за державність. Роман поєднує в собі реалізм, документальну точність та глибокий психологізм героїв, які опинилися в епіцентрі розпаду імперій. Книга вважається важливим свідченням епохи, оскільки автор сам був учасником багатьох описаних подій. | ||
| 650 | 7 |
_a82 Література. Літературознавство _2UDC _915 |
|
| 942 |
_cBK _2udc |
||
| 955 | _a3 | ||
| 999 |
_c388715 _d388715 |
||